Tilastot visalle Valtiot, joilla on korkein HDI

Klikkaa tästä pelataksesi tätä visaa!

Yleistilastot

  • Tätä visaa on pelattu 1 048 kertaa
    (295 viimeisimmän päivityksen jälkeen)
  • Keskiarvotulos 18 / 20

Vastaustilastot

HDIValtio% Oikein
0,961Norja
100%
0,940Suomi
100%
0,947Ruotsi
98%
0,936Kanada
96%
0,942Saksa
96%
0,921Yhdysvallat
95%
0,948Tanska
94%
0,925Japani
91%
0,962Sveitsi
91%
0,959Islanti
90%
0,951Australia
86%
0,929Yhdistynyt kuningaskunta
84%
0,941Alankomaat
83%
0,925Etelä-Korea
83%
0,945Irlanti
82%
0,930Luxemburg
82%
0,937Belgia
81%
0,937Uusi-Seelanti
78%
0.935Liechtenstein
75%
0,939Singapore
67%

Tulosjakauma

Persentiili vastausten määrän mukaan

Jokaisen tuloksen saaneiden osuus

Tuloshistoriasi

Et ole pelannut tätä visaa sen viimeisimmän päivityksen jälkeen